Video Game by Vehicle - Statistics

General Stats
  • This quiz has been taken 30 times
  • The average score is 4 of 16
Answer Stats
Picture Answer % Correct
Grand Theft Auto: Vice City
86%
Halo
57%
Twisted Metal
50%
Sonic the Hedgehog
39%
Half-Life 2
36%
The Elder Scrolls III: Morrowind
29%
Battletoads
25%
OutRun
25%
Death Stranding
21%
Fallout 2
21%
Final Fantasy VII
11%
My Summer Car
11%
Rock N Roll Racing
7%
Hard Truck: Apocalypse / Ex Machina
4%
Total Overdose
4%
Vangers
4%
No matching quizzes found
Score Distribution
Percent of People with Each Score
Percentile by Number Answered
Your Score History
You have not taken this quiz